Skyrim Quiz - Statistics

General Stats
  • This quiz has been taken 1,695 times
  • The average score is 15 of 30
Answer Stats
Question Answer % Correct
What can you do to a perk/skill when it reaches level 100? Make it Legendary and get your perk/skill points back, but reset it to 15
78%
What is the ore that can only be mined with a special pickaxe? ** Stalhrim Ore
78%
How old is Skyrim as of 2023? (Years, not months/days) 12 years old
77%
What happens if you kill someone important? A Dark Brotherhood grunt tries to kill you and a message is on their corpse
75%
Who is killed after running from an execution block? Lokir of Rorikstead
74%
What level do you have to be to have the Ebony Warrior appear? Level 80
73%
What is the name of the pickaxe used to mine the above? ** Ancient Nordic Pickaxe
70%
What ability does the Khajiit race get? Night Eye and Claws Abilities
70%
How many arrows can you carry of any type? Infinite
68%
What happen after the above? You get kidnapped by someone and are forced to execute someone
67%
What is the name of the guard of the Hall of Valor? Tsun
62%
Who and where is the last Snow Elf (not Falmer) in Skyrim (first encounter --> final encounter)? ** Knight-Paladin Geleborn, Darkfall Cave --> Forgotten Vale
59%
Who do you work with to infiltrate the Thalmor Embassy? Malborn
57%
Where can the friendly Riekling Chief be found? ** Thirsk Mead Hall
50%
How is your reward for completing Kagrumez? ** Dwarven Black Bow of Fate
49%
Who is the original owner of the Boots of Waterwalking? ** Ahzidal
48%
What is the strongest enemy in the game? Karstaag the Frost Troll
46%
What is the name of the dragon that attacks Kynesgrove? (not Alduin) Sahloknir
45%
Who can be found in Ragnvald? Otar the Mad
42%
What is the strongest armor in Skyrim? (chestplates only) (not including DLC) Daedric Armor
41%
Who do you find Serana? ** Dimhollow Cavern
41%
What is the ore found in Gloombound Mine. Ebony Ore
39%
What is the base carry weight? (Not Survival Mode) 300
34%
Where is the Sightless Pit located? Southeast of Saarthal
33%
Which Dragon Priest can grant water-breathing and give a 20 point bonus to carry weight and bartering? Volsung
32%
Who is Narfi? A person with PTSD looking for his lost sister, Reyda
30%
What happens to your stats in Survival Mode? Carry weight is halved
30%
Why did that last question exist? Because Narfi is a god in disguise
28%
Where is Arcwind Point? South of Haemar's Shame
22%
Where does your journey start? The Pale Pass
3%
No matching quizzes found
Score Distribution
Percent of People with Each Score
Percentile by Number Answered
Your Score History
You have not taken this quiz